00458nam a2200181 a 4500001001300000003000900013005001700022008004100039020001000080082001300090100002500103245001700128260004600145300000800191500003500199650001700234700002500251nice12345678IN_TiNIC20260116012454.0070405s2000 bana grp 000 0 eng  ac10000a323bIND aIndian Social Inst,  aHuman Rights aBangalore bIndian Social Institutec2000 a00p aincludes index and biblioraphy aHuman Rights1 aIndian Social Inst,